000 00711cam a2200205 4500
001 B2054
008 090401t1981 xxu||||| |||| 00| 0 eng d
035 _a(Sirsi) u47815
041 _aeng
050 _a692.5
110 _aSociety of Chief Quantity Surveyors in Local Government
_93033
245 _aReport of a select working party upon the presentation & format of standard preliminaries for use with J.C.T. Standard Form of Building Contract with quantities 1980 edition
260 _bSociety of Chief Quantity Surveyors in L
_c1981
300 _a(73)p. ; 30cm.
350 _a5
650 _aBILLS OF QUANTITIES
650 _aJCT STANDARD FORM OF CONTRACT 1980
942 _n0
948 _c04/03/1997
999 _c92210
_d92210